Metódy zberu obilnín v podmienkach 90-tych rokov

Bibliographic Details
Main Author: Boss, W. (Author)
Format: Article
Language:Slovak
Subjects:

MARC

LEADER 00000nab a2200000 a 4500
001 vtls000356212
003 SK-MaSNL
005 20260304233934.0
008 150501c1989 xo 0 slo
015 |a SNBRA19rr/mm-uuuuu 
035 |a CL0356334 
040 |a SNKBUCL  |b slo  |c SNKBUCL  |e AACR2 
041 0 |a slo 
044 |a xo  |c SK 
080 |a 631.554:631.354:631.15  |2 1981 
080 |a 631.354  |2 1981 
080 |a 631.15  |2 1981 
100 1 |a Boss, W.  |4 aut  |9 944852 
245 1 0 |a Metódy zberu obilnín v podmienkach 90-tych rokov  |c W. Boss 
650 0 7 |a obilniny  |2 snkbucl  |9 19007 
655 7 |a články zo zborníkov  |2 snkbucl  |9 166140 
773 0 |t Mechanizácia zberu obilnín  |d Banská Bystrica : Dom techniky ČSVTS, 1989 
850 |a Slovenská národná knižnica v Martine  |a MTA001 
852 |a SNK  |b KIS3GCP 
958 |a RK 
958 |a DE 
992 |a RZB 
999 |c 3201058  |d 3202988